Rapunzel

Bibliographic Details
Main Authors: Grimm, Jacob, 1785-1863 (Author), Grimm, Wilhelm, 1786-1859 (Author)
Other Authors: Dusíková, Maja, 1946- (Illustrator)
Format: Book
Language:German
PhysicalDescription:[28] s. ilustr. 29 cm
Published: Gossau Zürich Nord-Süd Verlag c1997
ISBN:3314007787
Subjects:

MARC

LEADER 00000cam a2200000 a 4500
001 vtls001315520
003 SK-MaSNL
005 20260301235357.0
008 240315s1997 sz a ar 000 j ger
015 |a SNBZSA1998-00156 
020 |a 3314007787 
035 |a SNK000268011 
035 |a urn:nbn:sk:snk-amyb4k 
035 |a urn:nbn:sk:snk-am00c8l7 
035 |a B4F35221-48C1-4CB7-8C90-A2BB2CED0B6E 
040 |a SNK  |b slo  |c SNK  |e AACR2 
041 0 |a ger 
044 |a sz  |c CH 
072 7 |a 821.112.2  |x Nemecká literatúra, nemecky písaná  |2 konspekt 
072 7 |a 821-93  |x Literatúra pre deti a mládež (beletria)  |2 konspekt 
080 |a 830-3(087.5)=30  |2 1981 
080 |a 821.112.2-34  |2 2011 
080 |a 82-34:808.1  |2 2011 
080 |a 82-93-053.4/.5  |2 2011 
100 1 |a Grimm, Jacob,  |d 1785-1863  |4 aut  |9 108277 
245 1 0 |a Rapunzel  |c Brüder Grimm ; mit Bildern von Maja Dusíková 
260 |a Gossau Zürich  |b Nord-Süd Verlag  |c c1997 
300 |a [28] s.  |b ilustr.  |c 29 cm 
500 |a Ilustr. na obálke a na predsádkach 
655 7 |a nemecké rozprávky  |2 SNKPH  |9 70666 
655 7 |a nemecké ľudové rozprávky  |2 SNKPH  |9 289476 
655 7 |a literatúra pre deti a mládež  |2 SNKPH  |9 189378 
700 1 |a Grimm, Wilhelm,  |d 1786-1859  |4 aut  |9 108278 
700 1 |a Dusíková, Maja,  |d 1946-  |4 ill  |9 194505 
852 |a Slovenská národná knižnica 
919 |a 3 314 00778 7 
954 |a beletria cudzojazyčná (svetová)  |2 lita 
958 |a ZS 
958 |a TL 
958 |a DE 
958 |a LX 
958 |a DB 
999 |c 974792  |d 976722 
952 |t P60, <03>, [BOOK], {603}  |a SNK  |b SNK  |y PREZ  |7 0  |p 17A0116051  |o snkSB 58117  |i snkV 5/98  |0 0  |1 0  |4 0  |d 1998-01-08  |f 1  |l 0  |r 2025-04-09 00:00:00  |w 2026-02-24